Аналитическая химия: учебное пособие для бакалавров
| Autor principal: | |
|---|---|
| Sumari: | Электронная копия печатного издания Режим доступа: из корпоративной сети ТПУ |
| Idioma: | rus |
| Publicat: |
Москва, Юрайт, 2012
|
| Edició: | 3-е изд. |
| Col·lecció: | Бакалавр. Базовый курс Бакалавр. Углубленный курс Электронные учебники издательства Юрайт |
| Matèries: | |
| Accés en línia: | http://www.lib.tpu.ru/fulltext2/m/2013/FN/fn-2401.pdf |
| Format: | MixedMaterials Electrònic Llibre |
| KOHA link: | https://koha.lib.tpu.ru/cgi-bin/koha/opac-detail.pl?biblionumber=242837 |
MARC
| LEADER | 00000n m0a2200000 4500 | ||
|---|---|---|---|
| 001 | 242837 | ||
| 005 | 20231101231925.0 | ||
| 035 | |a (RuTPU)RU\TPU\book\264159 | ||
| 090 | |a 242837 | ||
| 100 | |a 20130911d2012 m y0rusy50 ca | ||
| 101 | 0 | |a rus | |
| 102 | |a RU | ||
| 105 | |a y j 000zy | ||
| 135 | |a vocna---uucaa | ||
| 181 | 0 | |a i | |
| 182 | 0 | |a b | |
| 200 | 1 | |a Аналитическая химия |b Электронный ресурс |e учебное пособие для бакалавров |f Т. И. Хаханина | |
| 203 | |a Текст |c электронный | ||
| 205 | |a 3-е изд. | ||
| 210 | |a Москва |c Юрайт |d 2012 | ||
| 215 | |a 1 Мультимедиа CD-ROM | ||
| 225 | 1 | |a Бакалавр. Базовый курс | |
| 225 | 1 | |a Бакалавр. Углубленный курс | |
| 225 | 1 | |a Электронные учебники издательства Юрайт | |
| 230 | |a Мультимедиа ресурсы (10 директорий; 100 файлов; 740MB) | ||
| 300 | |a Электронная копия печатного издания | ||
| 333 | |a Режим доступа: из корпоративной сети ТПУ | ||
| 337 | |a Pentium 100 MHz, 16 Mb RAM, Windows 95/98/NT/2000, CDROM, SVGA, звуковая карта, Internet Explorer 5.0 и выше | ||
| 606 | 1 | |a Аналитическая химия |2 stltpush |3 (RuTPU)RU\TPU\subj\67454 |9 83247 | |
| 610 | 1 | |a химический анализ | |
| 610 | 1 | |a качественный анализ | |
| 610 | 1 | |a химическое равновесие | |
| 610 | 1 | |a комплексные соединения | |
| 610 | 1 | |a окислительно-восстановительные реакции | |
| 610 | 1 | |a катионы | |
| 610 | 1 | |a анионы | |
| 610 | 1 | |a количественный анализ | |
| 610 | 1 | |a гравиметрический анализ | |
| 610 | 1 | |a титриметрический анализ | |
| 610 | 1 | |a учебные пособия | |
| 675 | |a 543(075.8) |v 3 | ||
| 700 | 1 | |a Хаханина |b Т. И. |g Татьяна Ивановна | |
| 801 | 1 | |a RU |b 63413507 |c 20130911 | |
| 801 | 2 | |a RU |b 63413507 |c 20130924 |g RCR | |
| 856 | 4 | |u http://www.lib.tpu.ru/fulltext2/m/2013/FN/fn-2401.pdf | |
| 900 | |a Аналитическая химия | ||
| 900 | |a Аналитическая химия и физико-химические методы анализа | ||
| 900 | |a Аналитическая и коллоидная химия | ||
| 942 | |c CF | ||